Co ma większą populację? Nowe czy stare? - Statystyki

Ogólne statystyki
  • Ten quiz został rozwiązany 191 razy
    79 od ostatniego zresetowania
  • Średni wynik to 7 z 10
Statystyki odpowiedzi
Zagadnienie Odpowiedź % Poprawnych
Co ma większą populację? New Jersey
100%
Co ma większą populację? Nowy Jork
100%
Co ma większą populację? Nowy Orlean
88%
Co ma większą populację? Szkocja
86%
Co ma większą populację? Plymouth
82%
Co ma większą populację? Nowa Zelandia
79%
Co ma większą populację? Gwinea
54%
Co ma większą populację? Nowa Południowa Walia
43%
Co ma większą populację? Nowopołock
29%
Co ma większą populację? Nowy Brunszwik
29%
Nie znaleziono quizów pasujących do podanych kryteriów
Rozkład punktacji
Procent ludzi z każdym wynikiem
Percentyl według liczby udzielonych odpowiedzi
Twoja historia wyników
Nie rozwiązałeś tego quizu od ostatniego zresetowania